| 000 | 00486nam a2200157 i 4500 | ||
|---|---|---|---|
| 001 | 59525 | ||
| 003 | ES-MaACL | ||
| 005 | 20230906164040.0 | ||
| 007 | t| | ||
| 008 | 031029s1935 sp ||||1| spa d | ||
| 245 | 0 | 0 | _aEjercicio de la fe pública por los agentes diplomáticos y consulares de España en el extranjero. |
| 260 |
_aMadrid : _bMinisterio de Estado, _c1935. |
||
| 300 |
_a153 p. ; _c19 cm. |
||
| 710 | 1 |
_aEspaña. _bMinisterio de Estado. _93866 |
|
| 852 |
_aES-MaACL _jC-7024 |
||
| 999 |
_c59525 _d59525 |
||